| 000 | 00664nam a22001937a 4500 | ||
|---|---|---|---|
| 008 | 130817b xxu||||| |||| 00| 0 eng d | ||
| 020 | _a9-7805-2117-0925 | ||
| 082 |
_221 ed. _a423 OXF |
||
| 100 | _aOxford | ||
| 245 |
_aOford advanced learner's dictionary / _cOxford |
||
| 250 | _aInternational student's ed. | ||
| 260 |
_aOxford : _bOxford University Press _c2010 |
||
| 300 |
_axii, 1732 P. + various pages ; _bill. : Some Col. _c20 cm. |
||
| 500 | _aInclude appendix | ||
| 650 | _a English language -- Dictionaries | ||
| 650 | _a English language -- Textbooks for foreign speakers ; | ||
| 650 | _aCambridge essential english dictionary | ||
| 942 |
_2ddc _cBK |
||
| 999 |
_c8400 _d8400 |
||